Home Print Resources E-Books E-Journals IIMT Lecture Series Library Membership Form Book Recommendation Form Campus Tour Take AdmissionAbout Us Contact Us

A.T.B.OF RAILWAY ENGG. (Record no. 52279)

000 -LEADER
fixed length control field 00372nam a22001577a 4500
003 - CONTROL NUMBER IDENTIFIER
control field OSt
005 - DATE AND TIME OF LATEST TRANSACTION
control field 20240409113153.0
008 - FIXED-LENGTH DATA ELEMENTS--GENERAL INFORMATION
fixed length control field 220615b xxu||||| |||| 00| 0 eng d
020 ## - INTERNATIONAL STANDARD BOOK NUMBER
International Standard Book Number 818992883X
040 ## - CATALOGING SOURCE
Transcribing agency IIMT UNIVERSITY, MEERUT
100 ## - MAIN ENTRY--PERSONAL NAME
Personal name SAXENA,S.C.
245 ## - TITLE STATEMENT
Title A.T.B.OF RAILWAY ENGG.
260 ## - PUBLICATION, DISTRIBUTION, ETC.
Place of publication, distribution, etc. DELHI
Name of publisher, distributor, etc. DHANPAT RAI
Date of publication, distribution, etc. 2011
300 ## - PHYSICAL DESCRIPTION
Extent 347
942 ## - ADDED ENTRY ELEMENTS (KOHA)
Source of classification or shelving scheme
Koha item type Book Bank
Holdings
Withdrawn status Lost status Source of classification or shelving scheme Damaged status Not for loan Home library Current library Date acquired Source of acquisition Barcode Date last seen Price effective from Koha item type Total Checkouts
          IIMT University Central Library Meerut IIMT University Central Library Meerut 06/15/2022 TRANSFER FROM ARCHITECTURE LIBRARY 01-B-136077 06/15/2022 06/15/2022 Reference Book  
          IIMT University Central Library Meerut IIMT University Central Library Meerut 06/15/2022 TRANSFER FROM ARCHITECTURE LIBRARY 01-B-136078 06/15/2022 06/15/2022 Book Bank  
          IIMT University Central Library Meerut IIMT University Central Library Meerut 06/15/2022 TRANSFER FROM ARCHITECTURE LIBRARY 01-B-136079 06/15/2022 06/15/2022 Book Bank  
          IIMT University Central Library Meerut IIMT University Central Library Meerut 06/15/2022 TRANSFER FROM ARCHITECTURE LIBRARY 01-B-136080 06/15/2022 06/15/2022 Book Bank  
          IIMT University Central Library Meerut IIMT University Central Library Meerut 06/15/2022 TRANSFER FROM ARCHITECTURE LIBRARY 01-B-136081 06/15/2022 06/15/2022 Book Bank  
          IIMT University Central Library Meerut IIMT University Central Library Meerut 06/15/2022 TRANSFER FROM ARCHITECTURE LIBRARY 01-B-136082 06/15/2022 06/15/2022 Reference Book  
          IIMT University Central Library Meerut IIMT University Central Library Meerut 06/15/2022 TRANSFER FROM ARCHITECTURE LIBRARY 01-B-136083 06/15/2022 06/15/2022 Book Bank  
          IIMT University Central Library Meerut IIMT University Central Library Meerut 06/15/2022 TRANSFER FROM ARCHITECTURE LIBRARY 01-B-136084 06/15/2022 06/15/2022 Book Bank  
          IIMT University Central Library Meerut IIMT University Central Library Meerut 06/15/2022 TRANSFER FROM ARCHITECTURE LIBRARY 01-B-136085 06/15/2022 06/15/2022 Book Bank  
          IIMT University Central Library Meerut IIMT University Central Library Meerut 06/15/2022 TRANSFER FROM ARCHITECTURE LIBRARY 01-B-136086 06/15/2022 06/15/2022 Book Bank  
IIMT, Central Library. All Rights Reserved IIMT,UNIVERSITY © 2023
Implemented and Customised by I CLOUDE EMS
You Are OPAC Visitor No
free web counter

Powered by Koha